[Event "61st ch-RUS HL"]
[Site "Novokuznetsk RUS"]
[Date "2008.09.07"]
[Round "5"]
[White "Kosov, Iv"]
[Black "Kravtsov, S."]
[Result "1-0"]
[WhiteElo "2405"]
[BlackElo "2404"]
[PlyCount "97"]
[EventDate "2008.09.03"]

1. e4 c6 2. d4 d5 3. Nc3 dxe4 4. Nxe4 Nd7 5. Ng5 Ngf6 6. Bd3 e6 7. N1f3 Bd6 8.
Qe2 h6 9. Ne4 Nxe4 10. Qxe4 Nf6 11. Qe2 Qc7 12. Bd2 b6 13. O-O-O Bb7 14. Ne5
Bxe5 15. dxe5 Nd7 16. f4 O-O-O 17. Be4 c5 18. Bc3 Nb8 19. f5 Rxd1+ 20. Rxd1
Bxe4 21. Qxe4 Rd8 22. Rd6 Rxd6 23. exd6 Qxd6 24. Be5 Qd7 25. Qa8 Qb7 26. Qxb7+
Kxb7 27. Bxg7 h5 28. fxe6 fxe6 29. Kd2 Nc6 30. Ke3 Kc7 31. Kf4 Nb4 32. Kg5 Nxc2
33. Kxh5 Kd6 34. g4 e5 35. g5 Ne3 36. g6 Ke6 37. Bh6 Nf5 38. Bg5 b5 39. Kg4 c4
40. h4 b4 41. h5 a5 42. h6 Nxh6+ 43. Bxh6 Kf6 44. Kh5 a4 45. Bg5+ Kg7 46. Bd2
a3 47. bxa3 c3 48. Bh6+ Kf6 49. axb4 1-0

[Event "61st ch-RUS HL"]
[Site "Novokuznetsk RUS"]
[Date "2008.09.08"]
[Round "6"]
[White "Lastin, A."]
[Black "Inarkiev, E."]
[Result "1/2-1/2"]
[WhiteElo "2639"]
[BlackElo "2675"]
[PlyCount "52"]
[EventDate "2008.09.03"]

1. e4 e5 2. Nf3 Nc6 3. Bb5 a6 4. Ba4 Nf6 5. O-O Be7 6. Re1 b5 7. Bb3 O-O 8. h3
d6 9. c3 Re8 10. d4 Bb7 11. Nbd2 Bf8 12. d5 Nb8 13. Nf1 Nbd7 14. N3h2 Nc5 15.
Bc2 c6 16. b4 Ncd7 17. dxc6 Bxc6 18. Bg5 Qc7 19. Ng3 d5 20. exd5 Nxd5 21. Ng4
Be7 22. Qc1 Bxg5 23. Qxg5 f6 24. Nh6+ Kh8 25. Nf7+ Kg8 26. Nh6+ Kh8 1/2-1/2

[Event "61st ch-RUS HL"]
[Site "Novokuznetsk RUS"]
[Date "2008.09.08"]
[Round "6"]
[White "Riazantsev, A."]
[Black "Grachev, B."]
[Result "1/2-1/2"]
[WhiteElo "2617"]
[BlackElo "2640"]
[PlyCount "42"]
[EventDate "2008.09.03"]

1. d4 d5 2. c4 c6 3. Nf3 Nf6 4. e3 Bg4 5. h3 Bxf3 6. Qxf3 e6 7. Nc3 Nbd7 8. Bd3
Bd6 9. g4 dxc4 10. Bxc4 O-O 11. Bd2 Nd5 12. Rd1 Qe7 13. e4 N5b6 14. Bb3 c5 15.
dxc5 Nxc5 16. O-O Nxb3 17. axb3 Rfd8 18. Be3 Bc5 19. Bxc5 Qxc5 20. Rxd8+ Rxd8
21. Rd1 Rxd1+ 1/2-1/2

[Event "61st ch-RUS HL"]
[Site "Novokuznetsk RUS"]
[Date "2008.09.08"]
[Round "6"]
[White "Sakaev, K."]
[Black "Lysyj, I."]
[Result "1/2-1/2"]
[WhiteElo "2635"]
[BlackElo "2596"]
[PlyCount "90"]
[EventDate "2008.09.03"]

1. d4 e6 2. Nf3 Nf6 3. c4 d5 4. Nc3 dxc4 5. e4 Bb4 6. Bg5 c5 7. dxc5 Qxd1+ 8.
Rxd1 Nbd7 9. Bd2 Bxc5 10. Bxc4 O-O 11. O-O Nb6 12. Bb3 Bd7 13. e5 Nfd5 14. Nxd5
Nxd5 15. Bxd5 exd5 16. Bc3 Be6 17. Nd4 Bxd4 18. Rxd4 Rfc8 19. h3 h5 20. f3 Rc4
21. g4 hxg4 22. hxg4 Rac8 23. Kf2 Rxd4 24. Bxd4 Rc2+ 25. Ke3 Bd7 26. Rd1 Bb5
27. Bc3 Bc4 28. a3 Re2+ 29. Kf4 a6 30. Rh1 Bb5 31. Rc1 Bc4 32. Rd1 Rf2 33. Rd4
Rc2 34. Rd1 Rf2 35. Re1 Rf1 36. Ke3 Rxe1+ 37. Bxe1 g5 38. Bc3 Kh7 39. f4 gxf4+
40. Kxf4 d4 41. Bxd4 Kg6 42. Bc3 Bd5 43. Bd4 Bc4 44. Bc3 Bd5 45. Bd4 Bc4
1/2-1/2

[Event "61st ch-RUS HL"]
[Site "Novokuznetsk RUS"]
[Date "2008.09.08"]
[Round "6"]
[White "Maletin, P."]
[Black "Kobalia, M."]
[Result "0-1"]
[WhiteElo "2545"]
[BlackElo "2618"]
[PlyCount "87"]
[EventDate "2008.09.03"]

1. d4 d5 2. c4 c6 3. Nf3 Nf6 4. Nc3 e6 5. Bg5 h6 6. Bh4 dxc4 7. e4 g5 8. Bg3 b5
9. Ne5 h5 10. h4 g4 11. Be2 b4 12. Na4 Nxe4 13. Bxc4 Nxg3 14. fxg3 Nd7 15. Nxd7
Qxd7 16. O-O Bb7 17. Qe2 Bg7 18. Rad1 Qe7 19. Nc5 Rh6 20. Kh2 Rd8 21. Qe4 Rd6
22. a3 bxa3 23. bxa3 Bc8 24. Qe3 Rd8 25. Ne4 Rg6 26. Ng5 Bh6 27. Qe4 Bxg5 28.
hxg5 Qxg5 29. Qxc6+ Bd7 30. Qe4 h4 31. d5 Rh6 32. dxe6 hxg3+ 33. Kxg3 Qh4+ 34.
Kf4 Bxe6 35. Qc6+ Kf8 36. Qc5+ Kg7 37. Bxe6 Rxd1 38. Rxd1 g3+ 39. Bg4 Rf6+ 40.
Ke3 Qxg4 41. Qd4 Qf5 42. Qb2 Kh6 43. Qb4 Re6+ 44. Kd4 0-1

[Event "61st ch-RUS HL"]
[Site "Novokuznetsk RUS"]
[Date "2008.09.08"]
[Round "6"]
[White "Ovetchkin, R."]
[Black "Korotylev, A."]
[Result "1/2-1/2"]
[WhiteElo "2558"]
[BlackElo "2609"]
[PlyCount "93"]
[EventDate "2008.09.03"]

1. e4 c5 2. Nf3 Nc6 3. d4 cxd4 4. Nxd4 Nf6 5. Nc3 d6 6. Bg5 e6 7. Qd2 Qb6 8.
Nb3 Be7 9. Bxf6 Bxf6 10. Qxd6 Be5 11. Qc5 Qxc5 12. Nxc5 Ke7 13. Nd1 b6 14. Nd3
Bc7 15. Ne3 Bb7 16. g3 Ne5 17. Nxe5 Bxe5 18. O-O-O Bxe4 19. Bg2 Bxg2 20. Nxg2
Rhd8 21. c3 h5 22. Rhe1 Rxd1+ 23. Kxd1 Kf6 24. Re4 Bd6 25. Ke2 Rc8 26. Ne3 g6
27. Rc4 Rh8 28. Ra4 Bb8 29. h4 Ke7 30. Rc4 Rd8 31. a4 Bd6 32. Rd4 Rh8 33. Nc4
Bc7 34. f4 f6 35. Kf3 Rg8 36. Re4 Rd8 37. Rd4 Rf8 38. Re4 Kd7 39. Rd4+ Kc6 40.
Re4 Re8 41. Ke3 a6 42. Kf3 Re7 43. Ne3 Kd7 44. Rd4+ Kc6 45. Rc4+ Kd7 46. Rd4+
Kc6 47. Rc4+ 1/2-1/2

[Event "61st ch-RUS HL"]
[Site "Novokuznetsk RUS"]
[Date "2008.09.08"]
[Round "6"]
[White "Bocharov, D."]
[Black "Vorobiov, E."]
[Result "1-0"]
[WhiteElo "2582"]
[BlackElo "2550"]
[PlyCount "67"]
[EventDate "2008.09.03"]

1. d4 Nf6 2. c4 e6 3. Nf3 c5 4. d5 b5 5. dxe6 fxe6 6. cxb5 d5 7. g3 Bd6 8. Bg2
O-O 9. Nc3 Nbd7 10. O-O Rb8 11. a4 Qe7 12. Re1 d4 13. Nb1 Bb7 14. Nbd2 Ng4 15.
Nc4 Bc7 16. e4 dxe3 17. Bxe3 Qf7 18. Ncd2 Ba5 19. Re2 a6 20. Ng5 Qh5 21. h4
Bxg2 22. Kxg2 h6 23. Nc4 Nde5 24. Nxe5 Nxe5 25. Bxc5 Rbd8 26. Rd2 Qg6 27. Rxd8
Rxd8 28. Qe2 Nd3 29. Qxe6+ Qxe6 30. Nxe6 Re8 31. Rd1 Nxb2 32. Rd6 axb5 33. axb5
Nc4 34. Rc6 1-0

[Event "61st ch-RUS HL"]
[Site "Novokuznetsk RUS"]
[Date "2008.09.08"]
[Round "6"]
[White "Matlakov, M."]
[Black "Yakovich, Yur"]
[Result "1/2-1/2"]
[WhiteElo "2484"]
[BlackElo "2566"]
[PlyCount "54"]
[EventDate "2008.09.03"]

1. e4 c5 2. Nf3 d6 3. Bb5+ Nd7 4. O-O Ngf6 5. Re1 a6 6. Bf1 b6 7. d4 cxd4 8.
Nxd4 Bb7 9. f3 e6 10. c4 Be7 11. Nc3 O-O 12. Be3 Rc8 13. Rc1 Qc7 14. b4 Qb8 15.
a3 Rfe8 16. Nb3 d5 17. cxd5 Bd6 18. g3 exd5 19. Nxd5 Nxd5 20. Rxc8 Qxc8 21.
exd5 Qa8 22. Bf2 Rxe1 23. Qxe1 Bxd5 24. Nd4 g6 25. Qc3 Ne5 26. Be2 b5 27. Kg2
Bc4 1/2-1/2

[Event "61st ch-RUS HL"]
[Site "Novokuznetsk RUS"]
[Date "2008.09.08"]
[Round "6"]
[White "Shaposhnikov, E."]
[Black "Lintchevski, D."]
[Result "1/2-1/2"]
[WhiteElo "2558"]
[BlackElo "2506"]
[PlyCount "75"]
[EventDate "2008.09.03"]

1. e4 c5 2. Nf3 e6 3. d3 Nc6 4. g3 Nge7 5. Bg2 g6 6. h4 h6 7. c3 Bg7 8. d4 cxd4
9. cxd4 Qb6 10. Nc3 Nxd4 11. Nxd4 Bxd4 12. O-O Nc6 13. Qe2 a6 14. e5 Qa5 15.
Re1 Bxe5 16. Bxc6 Bxc3 17. bxc3 bxc6 18. c4 f6 19. Rb1 Qh5 20. Qd2 O-O 21. Qxh6
Qxh6 22. Bxh6 Re8 23. c5 a5 24. Red1 a4 25. Be3 Kf7 26. a3 Ke7 27. Rb4 Ba6 28.
Rxa4 Be2 29. Rxa8 Rxa8 30. Ra1 Ra4 31. f4 e5 32. Kf2 Bg4 33. Bd2 d5 34. cxd6+
Kxd6 35. fxe5+ fxe5 36. Rb1 Kd5 37. Rb4 Rxb4 38. axb4 1/2-1/2

[Event "61st ch-RUS HL"]
[Site "Novokuznetsk RUS"]
[Date "2008.09.08"]
[Round "6"]
[White "Potkin, V."]
[Black "Garakov, M."]
[Result "1-0"]
[WhiteElo "2629"]
[BlackElo "2439"]
[PlyCount "77"]
[EventDate "2008.09.03"]

1. d4 Nf6 2. Nf3 e6 3. c4 c5 4. d5 exd5 5. cxd5 d6 6. Nc3 g6 7. h3 Bg7 8. e4
O-O 9. Bd3 a6 10. a4 Re8 11. O-O Nbd7 12. Re1 Nh5 13. Bg5 Bf6 14. Be3 Ne5 15.
Be2 Nxf3+ 16. Bxf3 Ng7 17. Qd2 Be5 18. a5 b5 19. axb6 Qxb6 20. Reb1 Qb4 21. Ra4
Qb3 22. Bd1 Bxc3 23. Qc1 Qb5 24. bxc3 Qd3 25. Rb2 Bd7 26. Be2 Qxe3 27. Qxe3
Bxa4 28. Qf4 Re7 29. Qxd6 Rxe4 30. Qxc5 a5 31. Bf3 Re1+ 32. Kh2 Be8 33. c4 a4
34. Qa3 Nf5 35. c5 Nd4 36. c6 Rc1 37. Rb4 Nxf3+ 38. gxf3 Rd1 39. Rxa4 1-0

[Event "61st ch-RUS HL"]
[Site "Novokuznetsk RUS"]
[Date "2008.09.08"]
[Round "6"]
[White "Chuprikov, D."]
[Black "Khismatullin, D."]
[Result "0-1"]
[WhiteElo "2450"]
[BlackElo "2613"]
[PlyCount "60"]
[EventDate "2008.09.03"]

1. d4 Nf6 2. c4 g6 3. Nc3 d5 4. cxd5 Nxd5 5. Bd2 Bg7 6. e4 Nb6 7. Be3 O-O 8. h3
Nc6 9. Nf3 f5 10. e5 h6 11. Bb5 Nb4 12. O-O N4d5 13. Re1 Be6 14. Bd2 c6 15. Bf1
Qe8 16. Ne2 Rd8 17. Nc1 Nc7 18. a4 Bd5 19. a5 Nba8 20. Nd3 Ne6 21. a6 b6 22.
Bc3 c5 23. dxc5 bxc5 24. Nd2 Nb6 25. Qc2 g5 26. Rad1 Qf7 27. Qb1 g4 28. h4 f4
29. Ne4 g3 30. Nexc5 Qh5 0-1

[Event "61st ch-RUS HL"]
[Site "Novokuznetsk RUS"]
[Date "2008.09.08"]
[Round "6"]
[White "Kabanov, N."]
[Black "Smikovski, I."]
[Result "1/2-1/2"]
[WhiteElo "2521"]
[BlackElo "2554"]
[PlyCount "69"]
[EventDate "2008.09.03"]

1. e4 e5 2. Nf3 Nc6 3. Bb5 a6 4. Ba4 Nf6 5. O-O Be7 6. d3 b5 7. Bb3 d6 8. a4 b4
9. c3 Rb8 10. d4 bxc3 11. bxc3 Bg4 12. Be3 O-O 13. Nbd2 d5 14. Bc2 exd4 15.
cxd4 dxe4 16. Nxe4 Bxf3 17. Qxf3 Nxd4 18. Bxd4 Qxd4 19. Rad1 Qb2 20. Bd3 Rfe8
21. Nxf6+ Qxf6 22. Qxf6 Bxf6 23. Bxa6 Red8 24. Bb5 Bc3 25. g3 g6 26. Rc1 Ba5
27. Rfd1 Kg7 28. Kf1 h5 29. h4 Bb6 30. Ke2 Kf6 31. Ra1 Ba5 32. Rac1 Bb6 33. Ra1
Ba5 34. Rac1 Bb6 35. Ra1 1/2-1/2

[Event "61st ch-RUS HL"]
[Site "Novokuznetsk RUS"]
[Date "2008.09.08"]
[Round "6"]
[White "Kiriakov, P."]
[Black "Pokazanjev, N."]
[Result "1/2-1/2"]
[WhiteElo "2553"]
[BlackElo "2442"]
[PlyCount "61"]
[EventDate "2008.09.03"]

1. d4 Nf6 2. c4 g6 3. Nc3 Bg7 4. e4 d6 5. Nf3 O-O 6. Be2 e5 7. O-O Nc6 8. Be3
Ng4 9. Bg5 f6 10. Bc1 f5 11. Bg5 Qd7 12. dxe5 Ngxe5 13. exf5 Qxf5 14. Qd2 Nxf3+
15. Bxf3 Bxc3 16. Bd5+ Be6 17. Bxe6+ Qxe6 18. Qxc3 Qe5 19. Qd2 Qd4 20. Qxd4
Nxd4 21. Rfd1 Nc6 22. Be3 b6 23. b3 a5 24. Bd2 Rae8 25. Re1 a4 26. Bc3 Kf7 27.
Kf1 Rxe1+ 28. Kxe1 Ra8 29. Kd2 axb3 30. axb3 Rxa1 31. Bxa1 1/2-1/2

[Event "61st ch-RUS HL"]
[Site "Novokuznetsk RUS"]
[Date "2008.09.08"]
[Round "6"]
[White "Kalegin, E."]
[Black "Chuprov, D."]
[Result "1-0"]
[WhiteElo "2495"]
[BlackElo "2577"]
[PlyCount "123"]
[EventDate "2008.09.03"]

1. e4 e5 2. Nf3 Nc6 3. Bb5 Nf6 4. d3 Bc5 5. Bxc6 dxc6 6. Be3 Bd6 7. h3 O-O 8.
Nbd2 Nd7 9. Nc4 c5 10. a4 Qe7 11. Nfd2 Nb8 12. O-O Nc6 13. c3 Be6 14. a5 b5 15.
axb6 cxb6 16. Qe2 Rad8 17. Rfd1 Bb8 18. Nf1 Rd7 19. f3 Rfd8 20. Bf2 f5 21. Nfe3
f4 22. Nc2 g5 23. Kf1 Qf7 24. Ke1 Bc7 25. N4a3 a6 26. c4 Rd6 27. b3 Qd7 28. Nb1
Rxd3 29. Nc3 Rxc3 30. Rxd7 Rxd7 31. Rd1 Rxd1+ 32. Qxd1 Rxb3 33. Nd4 Nxd4 34.
Bxd4 Bxc4 35. Bxe5 Rd3 36. Qa1 Bd8 37. Bh8 Kf8 38. Qg7+ Ke8 39. Qe5+ Kd7 40.
Bf6 Bc7 41. Qf5+ Be6 42. Qxh7+ Kc6 43. Qh6 Kb5 44. Bxg5 Bc4 45. Qg7 Kc6 46.
Qf6+ Kb5 47. h4 Bb3 48. Qf5 Kb4 49. h5 Rd1+ 50. Kf2 Rh1 51. h6 a5 52. e5 a4 53.
Bxf4 c4 54. h7 a3 55. Qf8+ Kb5 56. Qe8+ Kb4 57. h8=Q Rxh8 58. Qxh8 a2 59. Qf8+
Kc3 60. Qa3 b5 61. Ke2 b4 62. Bd2+ 1-0

[Event "61st ch-RUS HL"]
[Site "Novokuznetsk RUS"]
[Date "2008.09.08"]
[Round "6"]
[White "Rychagov, A."]
[Black "Iskusnyh, S."]
[Result "1/2-1/2"]
[WhiteElo "2549"]
[BlackElo "2499"]
[PlyCount "52"]
[EventDate "2008.09.03"]

1. d4 d5 2. c4 c6 3. Nf3 Nf6 4. Nc3 dxc4 5. a4 e6 6. e3 c5 7. Bxc4 Nc6 8. O-O
cxd4 9. exd4 Be7 10. Qe2 O-O 11. Rd1 Nb4 12. Ne5 Bd7 13. d5 exd5 14. Nxd5 Nfxd5
15. Bxd5 Nxd5 16. Rxd5 Bg4 17. Qc4 Qxd5 18. Qxd5 Rad8 19. Qb3 Rd1+ 20. Qxd1
Bxd1 21. Bg5 Bxg5 22. Rxd1 Rd8 23. Rxd8+ Bxd8 24. Nc4 Bc7 25. g3 f5 26. Kf1 Kf7
1/2-1/2

[Event "61st ch-RUS HL"]
[Site "Novokuznetsk RUS"]
[Date "2008.09.08"]
[Round "6"]
[White "Skorchenko, D."]
[Black "Kosov, Iv"]
[Result "1-0"]
[WhiteElo "2511"]
[BlackElo "2405"]
[PlyCount "81"]
[EventDate "2008.09.03"]

1. e4 c6 2. d4 d5 3. e5 Bf5 4. Nd2 e6 5. Nb3 Nd7 6. Nf3 Ne7 7. Be2 Bg4 8. O-O
c5 9. c4 dxc4 10. Nxc5 Nxc5 11. dxc5 Qxd1 12. Rxd1 Nc6 13. Be3 Be7 14. h3 Bxf3
15. Bxf3 Rd8 16. Rac1 O-O 17. Rxd8 Rxd8 18. Bxc6 bxc6 19. Rxc4 Rd1+ 20. Kh2 Rd5
21. Rb4 g5 22. Rb8+ Kg7 23. b4 a5 24. b5 Bxc5 25. bxc6 Bxe3 26. c7 Bf4+ 27. g3
Bxe5 28. c8=Q Bxb8 29. Qxb8 h5 30. g4 hxg4 31. hxg4 Kg6 32. Kg3 Kg7 33. Kf3 Kg6
34. a4 f5 35. Qe8+ Kf6 36. Qf8+ Kg6 37. Qe7 fxg4+ 38. Kxg4 Rd4+ 39. Kg3 Kf5 40.
Qf7+ Ke5 41. Qc7+ 1-0

[Event "61st ch-RUS HL"]
[Site "Novokuznetsk RUS"]
[Date "2008.09.08"]
[Round "6"]
[White "Kravtsov, S."]
[Black "Klimov, A."]
[Result "1-0"]
[WhiteElo "2404"]
[BlackElo "2423"]
[PlyCount "77"]
[EventDate "2008.09.03"]

1. d4 Nf6 2. c4 g6 3. Nc3 Bg7 4. Nf3 d6 5. Bg5 h6 6. Bh4 g5 7. Bg3 Nh5 8. e3
Nd7 9. Nd2 Nxg3 10. hxg3 e6 11. Qa4 O-O 12. Qc2 f5 13. O-O-O c5 14. Nb3 Qe7 15.
e4 cxd4 16. Nxd4 fxe4 17. Ndb5 Nc5 18. Nxd6 Bd7 19. Ncxe4 Ba4 20. b3 Nxe4 21.
Nxe4 Bc6 22. Bd3 a5 23. f3 a4 24. Kd2 axb3 25. axb3 Ra3 26. Ke2 Rfa8 27. Rd2
Qb4 28. Rb1 Ra1 29. Rxa1 Rxa1 30. Nf2 Qa5 31. Be4 Qe5 32. Qd3 Qxg3 33. Qd8+ Bf8
34. Qf6 Bxe4 35. Qxa1 Bf5 36. Qf6 Qf4 37. Ng4 Bg7 38. Rd8+ Kh7 39. Rd7 1-0